Sports Quiz

Random Sports or NFL Quiz

NFL - 2,500+ Yard Receiving Tandems Quiz Stats

 Plays Quiz Updated Jan 5, 2018

Challenge
Share
Tweet
Embed
Score 0/78 Timer 10:00
10 Plays Today
Yardage Players % Correct
2007 Bengals (2,583 yds)Chad Johnson
94.6%
2012 Lions (2,531 yds)Calvin Johnson
94.6%
2000 Vikings (2,711 yds)Randy Moss
94.4%
1999 Vikings (2,654 yds)Randy Moss
94.4%
2007 Patriots (2,668 yds)Randy Moss
94.4%
2009 Patriots (2,612 yds)Randy Moss
94.4%
2011 Patriots (2,896 yds)Wes Welker
91%
2007 Patriots (2,668 yds)Wes Welker
91%
2009 Patriots (2,612 yds)Wes Welker
91%
2015 Steelers (2,599 yds)Antonio Brown
90.3%
2000 Rams (3,106 yds)Torry Holt
89%
2003 Rams (2,677 yds)Torry Holt
89%
2004 Rams (2,664 yds)Torry Holt
89%
2014 Steelers (2,552 yds)Antonio Brown
88.9%
2015 Falcons (2,528 yds)Julio Jones
88.9%
1989 49ers (2,560 yds)Jerry Rice
88.8%
1995 49ers (2,510 yds)Jerry Rice
88.8%
2013 Broncos (2,718 yds)Demaryius Thomas
88.4%
2014 Broncos (3,023 yds)Demaryius Thomas
88.3%
2012 Falcons (2,549 yds)Julio Jones
87.6%
2005 Cardinals (2,811 yds)Larry Fitzgerald
87.3%
2013 Bears (2,716 yds)Brandon Marshall
86.3%
2006 Colts (2,676 yds)Marvin Harrison
86.2%
2000 Rams (3,106 yds)Isaac Bruce
86%
2003 Rams (2,677 yds)Isaac Bruce
86%
2004 Rams (2,664 yds)Isaac Bruce
86%
2006 Colts (2,676 yds)Reggie Wayne
84.8%
2012 Falcons (2,549 yds)Roddy White
83.2%
2015 Jets (2,529 yds)Brandon Marshall
83.2%
2014 Packers (2,806 yds)Jordy Nelson
82%
2000 Vikings (2,711 yds)Cris Carter
81.7%
1999 Vikings (2,654 yds)Cris Carter
81.7%
1995 Vikings (2,538 yds)Cris Carter
81.7%
2011 Giants (2,728 yds)Victor Cruz
79.8%
2002 Steelers (2,654 yds)Hines Ward
78.3%
2014 Broncos (3,023 yds)Emmanuel Sanders
77%
2013 Broncos (2,718 yds)Eric Decker
75.8%
2013 Browns (2,563 yds)Josh Gordon
75.3%
2005 Cardinals (2,811 yds)Anquan Boldin
74.2%
Yardage Players % Correct
2011 Patriots (2,896 yds)Rob Gronkowski
73%
1999 Jaguars (2,527 yds)Jimmy Smith
72.7%
2015 Steelers (2,599 yds)Martavis Bryant
71.9%
2007 Cowboys (2,500 yds)Terrell Owens
70.6%
2014 Packers (2,806 yds)Randall Cobb
70.5%
2013 Bears (2,716 yds)Alshon Jeffery
69.5%
2015 Jets (2,529 yds)Eric Decker
67.4%
2004 Packers (2,590 yds)Donald Driver
63.9%
2011 Giants (2,728 yds)Hakeem Nicks
61.6%
2007 Cowboys (2,500 yds)Jason Witten
57.8%
1995 Lions (3,174 yds)Herman Moore
53.8%
2002 Steelers (2,654 yds)Plaxico Burress
53.6%
1997 Cardinals (2,601 yds)Rob Moore
53.4%
2007 Bengals (2,583 yds)T.J. Houshmandzadeh
51%
2000 Chiefs (2,594 yds)Tony Gonzalez
49.1%
1980 Chargers (2,630 yds)Kellen Winslow
45.1%
1997 Cardinals (2,601 yds)Frank Sanders
44.7%
1984 Dolphins (2,695 yds)Mark Clayton
42.7%
1989 49ers (2,560 yds)John Taylor
42.5%
1984 Dolphins (2,695 yds)Mark Duper
39.3%
1995 Vikings (2,538 yds)Jake Reed
38.6%
2002 Bills (2,544 yds)Eric Moulds
38%
2013 Browns (2,563 yds)Jordan Cameron
36.1%
1999 Jaguars (2,527 yds)Keenan McCardell
33.7%
2014 Steelers (2,552 yds)Le'Veon Bell
30.6%
2004 Packers (2,590 yds)Javon Walker
30.4%
2012 Lions (2,531 yds)Brandon Pettigrew
25.1%
1989 Rams (2,528 yds)Flipper Anderson
23.2%
2002 Bills (2,544 yds)Peerless Price
23%
1967 Jets (2,623 yds)Don Maynard
20.8%
1989 Rams (2,528 yds)Henry Ellard
18.4%
1980 Chargers (2,630 yds)John Jefferson
14.9%
1995 Lions (3,174 yds)Brett Perriman
14.3%
2000 Chiefs (2,594 yds)Derrick Alexander
11.3%
2015 Falcons (2,528 yds)Jacob Tamme
9.8%
1961 Oilers (2,921 yds)Charley Hennigan
5.9%
1967 Jets (2,623 yds)George Sauer
4.1%
1961 Oilers (2,921 yds)Bill Groman
1.6%
1995 49ers (2,510 yds)Derek Loville
1.4%

You're not logged in!

Compare scores with friends on all Sporcle quizzes.
Join for Free
OR
Log In

Show Comments

Extras

Top Quizzes Today


Score Distribution

Your Account Isn't Verified!

In order to create a playlist on Sporcle, you need to verify the email address you used during registration. Go to your Sporcle Settings to finish the process.

Report this User

Report this user for behavior that violates our Community Guidelines.

Details: